Proyecto de organización militar discutido entre varios oficiales generales / (Record no. 162660)

MARC details
000 -LEADER
campo de control de longitud fija 00678nam a2200169 i 4500
001 - NÚMERO DE CONTROL
campo de control 162660
003 - IDENTIFICADOR DE NÚMERO DE CONTROL
campo de control ES-MaACL
005 - FECHA Y HORA DE LA ÚLTIMA TRANSACCIÓN
campo de control 20230906212556.0
008 - DATOS DE LONGITUD FIJA--INFORMACIÓN GENERAL
campo de control de longitud fija 990127s1886 sp |||| | spa d
040 ## - FUENTE DE CATALOGACIÓN
Centro catalogador/agencia de origen CCPB | B
Lengua de catalogación spa
Centro/agencia transcriptor CCPB | B
245 00 - MENCIÓN DEL TÍTULO
Título Proyecto de organización militar discutido entre varios oficiales generales /
Mención de responsabilidad, etc. y que publica Romualdo Palacio.
260 ## - PUBLICACIÓN, DISTRIBUCIÓN, ETC.
Lugar de publicación, distribución, etc. Madrid :
Nombre del editor, distribuidor, etc. [s.n.],
Fecha de publicación, distribución, etc. 1886 (
Fabricante Imprenta de la Dirección General de Caballería)
300 ## - DESCRIPCIÓN FÍSICA
Extensión 144 p. ;
Dimensiones 22 cm.
650 #4 - PUNTO DE ACCESO ADICIONAL DE MATERIA--TÉRMINO DE MATERIA
Término de materia o nombre geográfico como elemento de entrada Logística militar.
9 (RLIN) 136445
700 1# - ENTRADA AGREGADA--NOMBRE PERSONAL
Nombre de persona Palacio, Romualdo.
9 (RLIN) 130784
852 ## - LOCALIZACIÓN
Ubicación ES-MaACL
Número de control de estantería T-1289-F-3
Nota libre -- Enc. hol., conservando la cub. original
-- -- Enc. en un vol. facticio
Holdings
Estatus retirado Estado de pérdida Estado de daño No para préstamo Colección Biblioteca de origen Biblioteca actual Ubicación en estantería Fecha de adquisición Total de préstamos Signatura topográfica completa Código de barras Visto por última vez Precio de reemplazo Tipo de ítem Koha
        Colección de folletos Biblioteca del Ateneo de Madrid Biblioteca del Ateneo de Madrid Depósito folletos 17/01/2008   T-1289-F-3 1170414 23/02/2023 23/02/2023 Folleto